000 01674nam0a2200301 i 4500
001 RU\NLR\BIBL_A\010864112
005 20241103105942.0
021 _aRU
_b2015-70355
_94212
035 _a(NILC)RuMoRGB-008017765
035 _a(NLR Aleph) 010864112
090 _a10435820
_c10435820
100 _a20151019d2015 u y0rusy50 ca
101 0 _arus
102 _aRU
105 _aa|||j|||000yy
200 1 _aОбщая и неорганическая химия
_iЭнергетика и направленность химических процессов
_eучебное пособие для самостоятельной работы студентов 1 курса химико-технологических направлений очной и заочной форм обучения
_fН.П. Самсонова, П.В. Фабинский
_gМ-во образования и науки Рос. Федерации, ФГБОУ ВПО "Сиб. гос. технол. ун-т"
210 _aКрасноярск
_cРедакционно-издательский центр СибГТУ
_d2015
215 _a54 с.
_d20
320 _aБиблиогр.: с. 51 (5 назв.)
606 _aХимическая термодинамика
_jУчебные издания для высших учебных заведений
_91264206
_3RU\NLR\AUTH\66201862
686 1 _aГ531я73-1
700 1 _aСамсонова
_bН. П.
_gНэлли Петровна
701 1 _aФабинский
_bП. В.
_gПавел Викторович
801 0 _aRU
_bРГБ
_c20150910
_gRCR
942 _cBOOK
980 _aNBR